LEADER 02433nam 2200421 450 001 9910819878503321 005 20221128110401.0 010 $a1-4422-5966-3 035 $a(CKB)3710000000831058 035 $a(MiAaPQ)EBC4648876 035 $a(EXLCZ)993710000000831058 100 $a20160907h20162016 uy 0 101 0 $aeng 135 $aurcnu|||||||| 181 $2rdacontent 182 $2rdamedia 183 $2rdacarrier 200 14$aThe missile defense agency and the color of money $efewer resources, more responsibility, and a growing budget squeeze /$fprincipal author, Thomas Karako, contributing author, Wes Rumbaugh, Ian Williams 210 1$aLanham, [Maryland] :$cCenter for Strategic & International Studies :$cRowman & Littlefield,$d2016. 210 4$d©2016 215 $a1 online resource (49 pages) $cillustrations, graphs 311 $a1-4422-5965-5 327 $aIntroduction -- MDA's reduced topline -- MDA's expanded role -- Failure to transfer budget responsibility -- Foreign assistance to Israel -- The squeeze on research and development -- Possible paths forward. 330 $a"This study explores the growing competition for scarce dollars at the U.S. Missile Defense Agency (MDA). It traces the authorities, roles, and missions assigned to the agency and the growing trend of using what was originally intended to be a research and development budget for procurement and sustainment of missile defense assets. As adversary missile arsenals develop in both size and sophistication, continued improvements to our current missile defense systems will be required to keep pace with the threat. The combination of an ever-shrinking top line and new roles and missions being assigned to MDA make that task difficult. Finding a new path forward and more clearly defining the position of the agency inside the Department of Defense will be essential for a more sustainable missile defense posture"--Publisher's web site. 606 $aBallistic missile defenses$zUnited States 607 $aUnited States$2fast 615 0$aBallistic missile defenses 676 $a358.1740973 700 $aKarako$b Thomas$01632026 702 $aRumbaugh$b Wes 702 $aWilliams$b Ian 801 0$bMiAaPQ 801 1$bMiAaPQ 801 2$bMiAaPQ 906 $aBOOK 912 $a9910819878503321 996 $aThe missile defense agency and the color of money$93970945 997 $aUNINA LEADER 06725oam 2201093 c 450 001 9910500592603321 005 20260302090207.0 010 $a9783732857821 010 $a3732857824 024 8 $ahttps://doi.org/10.14361/9783839457825 035 $a(CKB)5590000000558326 035 $a(ScCtBLL)5b7e0b4d-0e3d-4028-9a5e-4b336239c60d 035 $a(transcript Verlag)9783839457825 035 $a(MiAaPQ)EBC6956347 035 $a(Au-PeEL)EBL6956347 035 $a(DE-B1597)582834 035 $a(DE-B1597)9783839457825 035 $a(OCoLC)1280944501 035 $a(oapen)doab71913 035 $a(EXLCZ)995590000000558326 100 $a20260302d2021 uy 0 101 0 $ager 135 $auru|||||||||| 181 $ctxt$2rdacontent 182 $cc$2rdamedia 183 $acr$2rdacarrier 200 10$aPopulismus und Mittelklasse$eDie Kirchner-Regierungen zwischen 2003 und 2015 in Argentinien$fTobias Boos 205 $a1st ed. 210 $aBielefeld$ctranscript Verlag$d2021 215 $a1 online resource (313 p.) 225 0 $aEdition Politik 300 $aPopulism of the middle class? The first German-language analysis of Kirchnerism in Argentina. 311 08$a9783837657821 311 08$a3837657825 311 08$a9783839457825 311 08$a3839457823 327 $aCover -- Inhalt -- Einleitung -- 1.1 Populismus des 21. Jahrhunderts und die gesellschaftliche Mitte -- 1.2 Stand der Forschung: Kirchnerismus und die argentinische Mittelklasse -- 1.3 Fragestellung und Aufbau des Buches -- TEIL I - THEORIE UND GESCHICHTE -- 2 Populismus -- 2.1 Populismus und Entwicklung -- 2.2 Idealtypische Ansätze und ideational?approach -- 2.3 Hegemonietheoretischer Ansatz -- 2.4 Zwischenfazit -- 3 Mittelklasse -- 3.1 Klasse bei Weber -- 3.2 Mittelklasse in der marxistischen Debatte -- 3.3 Zwischenfazit: Zwischen politischer Identität und Strukturposition -- 4 Historische Analysen der argentinischen Mittelklasse -- 4.1 Gino Germani und die Transition zur modernen Gesellschaft -- 4.2 Selbstkasteiung und Buße: Die Mittelklasse nach dem Peronismus -- 4.3 Nuevos pobres und die Vorläufer der Krisenliteratur -- 4.4 Krisen: Protest, Organisierung und Identität -- 5 Klassen und politische Identität: Versuch einer konzeptionellen Wiedervereinigung -- 5.1 Mittelklasse als relational?historisch-materialistische Kategorie -- 5.2 Populismus als antogonistische Konstruktionslogik der Hegemonie auf dem Feld der politischen Identitäten -- 6 Methodik der Studie -- TEIL II - DIE ARGENTINISCHE MITTELKLASSE UND DER KIRCHNERISMUS -- 7 Politische Konjunkturen des Kirchnerismus -- 7.1 2003-2008 Wirtschaftliche Boomjahre und transversale Strategie -- 7.2 2008-2009 Wirtschaftliches Interregnumund Niederlage der transversalen Strategie -- 7.3 2009-2011 Wirtschaftlicher Rückenwind und antagonisierende Offensive: der fundationale Moment des heute existierenden Kirchnerismus -- 7.4 2012-2015 Desintegration und antagonistische Defensive -- 7.5 Schlussfolgerungen -- 8. Sozialstruktur und Mittelklasse in Argentinien während des Kirchnerismus -- 8.1 Entwicklungen der Sozialstruktur zwischen 2003 und 2015 -- 8.2 Dynamiken innerhalb der unteren Mittelsektoren. 327 $a8.3 Auswertung und Schlussfolgerungen -- 9 Identitätsangebote im Kirchnerismus -- 9.1 Eine Heimat für alle nach dem Kriseninferno: Néstor Kirchners Reden -- 9.2 Historisierung und autobiografisches Erzählen: Cristina Fernández de Kirchners Reden -- 9.3 Diskurskonstellationen und Position der Mittelklasseim kirchneristischen Horizont -- 9.4 Schlussfolgerungen -- 10 Hegemoniale Einbindung der Mittelklasse im Bildungssektors -- 10.1 Jüngste Geschichte des argentinischen Bildungssektors -- 10.2 Materielle und institutionelle Einbindung des Bildungssektors -- 10.3 Kirchneristische Erzählung und Identitäten -- 10.4 Schlussfolgerungen -- 11 Schlussfolgerungen -- 12 Nachwort: Argentinien nach 2015 -- Danksagung -- Abkürzungsverzeichnis -- Tabellenverzeichnis -- Abbildungsverzeichnis -- Zitierte Gesetze, Dekrete, Resolutionen -- Literatur. 330 $aPopulismus der Mitte? Was zunächst als Widerspruch erscheint, entpuppt sich im Falle Argentiniens als fruchtbare Perspektive auf die gesellschaftlichen Entwicklungen während der Kirchner-Regierungen (2003-2015). Tobias Boos zeigt, dass Populismus weit entfernt davon ist, ein Phänomen der randständigen Massen zu sein. Vielmehr offenbaren sich Teile der argentinischen Mittelklasse als gewichtige Säule des politischen Projekts der Kirchners. Die Studie geht den Verflechtungen von politischer Ökonomie und politischen Identitäten nach und wirft ein neues Licht auf die lateinamerikanischen Populismen des 21. Jahrhunderts. 330 1 $aBesprochen in:https://www.centrum3.at, 11 (2021)lateinamerika anders, 1 (2022), Roberto Kalmar 410 0$aEdition Politik 517 2 $aBoos, Populismus und Mittelklasse$eDie Kirchner-Regierungen zwischen 2003 und 2015 in Argentinien 606 $aPopulismus 606 $aPopulism 606 $aLateinamerika 606 $aLatin America 606 $aArgentinien 606 $aArgentina 606 $aKirchner 606 $aMittelklasse 606 $aMiddle Class 606 $aMittelschicht 606 $aPolitics 606 $aPolitik 606 $aSocial Inequality 606 $aPolitical Ideologies 606 $aSoziale Ungleichheit 606 $aPolitische Ideologien 606 $aPolitical Parties 606 $aPolitische Parteien 606 $aPolitical Sociology 606 $aPolitische Soziologie 606 $aPolitical Science 606 $aPolitikwissenschaft 615 4$aPopulismus 615 4$aPopulism 615 4$aLateinamerika 615 4$aLatin America 615 4$aArgentinien 615 4$aArgentina 615 4$aKirchner 615 4$aMittelklasse 615 4$aMiddle Class 615 4$aMittelschicht 615 4$aPolitics 615 4$aPolitik 615 4$aSocial Inequality 615 4$aPolitical Ideologies 615 4$aSoziale Ungleichheit 615 4$aPolitische Ideologien 615 4$aPolitical Parties 615 4$aPolitische Parteien 615 4$aPolitical Sociology 615 4$aPolitische Soziologie 615 4$aPolitical Science 615 4$aPolitikwissenschaft 700 $aBoos$b Tobias$p
Tobias Boos, Universität Wien, Österreich
$4aut$01888012 712 02$atranscript: Open Library 2021 (Politik)$4fnd$4http://id.loc.gov/vocabulary/relators/fnd 801 0$bScCtBLL 801 1$bScCtBLL 906 $aBOOK 912 $a9910500592603321 996 $aPopulismus und Mittelklasse$94526258 997 $aUNINA